| 000 | 00729nam a22002657a 4500 | ||
|---|---|---|---|
| 001 | 9177 | ||
| 003 | FISKH | ||
| 005 | 20251202140209.0 | ||
| 008 | 251127b cb ||||| |||| 00| 0 eng d | ||
| 020 | _a9780545165167 | ||
| 040 |
_aFISKH _beng _cFISKH _dFISKH |
||
| 050 | _aPZ7 | ||
| 082 | _a823 | ||
| 100 |
_aPeters, Catherine _eAuthor |
||
| 245 |
_aMy house / _cby Catherine Peters |
||
| 260 |
_aNew York : _bWeldon Owen Education Limited , _c2009 |
||
| 300 |
_a8 pages : _bcolor illustrations ; _c23 cm |
||
| 505 | _aB | ||
| 520 | _aSimple text and photos describe how houses are made. | ||
| 521 | 8 |
_a40
_bLexile |
|
| 521 | 8 |
_aB
_bRaz-Plus |
|
| 650 |
_aConstruction _vHouse |
||
| 942 |
_2ddc _cBK _n0 |
||
| 999 |
_c9177 _d9177 |
||